Statistics for Crazier-Taylor Swift Lyrics

Click here to take the quiz!

General Stats

  • This quiz has been taken 25 times
  • The average score is 179 of 221

Answer Stats

% Correct
I
100%
You
100%
you
100%
crazier...
95%
crazier
95%
Crazier,
95%
crazier,
95%
my
95%
the
95%
your
95%
a
90%
And
90%
and
90%
eyes
90%
go
90%
I'm
90%
in
90%
me
90%
it
85%
like
85%
make
85%
of
85%
to
85%
around
80%
But
80%
but
80%
feel
80%
feet
80%
gone
80%
ground
80%
lift
80%
lost
80%
never
80%
off
80%
so
80%
spin
80%
where
80%
with
80%
as
75%
came
75%
couldn't
75%
Every
75%
falling
75%
Feels
75%
from
75%
just
75%
Let
75%
let
75%
see
75%
wants
75%
what
75%
wind,
75%
along
70%
I'd
70%
Made
70%
made
70%
that
70%
there's
70%
was
70%
changed
65%
distance
65%
everything
65%
find
65%
more
65%
much
65%
oh
65%
seen
65%
take
65%
before
60%
don't
60%
door
60%
flow
60%
fly,
60%
is
60%
kind
60%
showed
60%
wings
60%
believe
55%
for
55%
know
55%
life
55%
opened
55%
real
55%
something
55%
'Til
55%
wanna
55%
watched
55%
anymore,
50%
blue
50%
how
50%
own
50%
would
50%
living
45%
sky
45%
trying
45%
hide
40%
wanted
40%
Baby,
35%

Score Distribution

Percentile by Number Answered

Percent of People with Each Score

Your Score History

You have not taken this quiz